1045 1796 1253 1358 1946 1245 1248 1755 1605 1236 1000 1014 1841 1074 1903 1188 1612 1055 1969 1699 1364 1540 1807 1609 1363 1328 1531 1527 1337 1595 1979 1187 1768 1457 1657 1652 1099 1634 1486 1317 1088 1213 1989 1991 1342 1565 1369 1913 1996 1874 1524 1674 1718 1529 1551 1052 1491 1257 1005 1804 1833 1670 1121 1339 1951 1771 1739 1097 1753 1660 1472 1943 1979 1442 1448 1333 1615 1483 1584 1854 1034 1008 1068 1229 1733 1125 1603 1168 1267 1567 1856 1997 1902 1206 1301 1020 1685 1108 1135 BCNSPRNW ULIB Ver.6.0+V

เปลี่ยนเป็นภาษาไทย

Change to English
 แสดงรายละเอียดบรรณานุกรม
  กลับหน้าหลัก

Brief Record : Get Marc (ISO 2709) : E-mail record : QR code < ปิดหน้าต่าง
LEADER : 00000nam 2200000uu 4500
001    13399114712
003     ULIB
008    120110s2554||||th 000 0 tha d
099    วจ.WY18^bศ287ก
100 0  ศศิธร ชิดนายี
245 00 การประเมินหลักสูตรพยาบาลศาสตรบัณฑิต พ.ศ.2545/^cศศิธร ชิดนายี และ มณฑา อุดมเลิศ
260    อุตรดิตถ์ :^bวิทยาลัยพยาบาลบรมราชชนนี อุตรดิตถ์,^c2554
300    108 หน้า :^bตาราง
500    รายงานการวิจัย
650  7 หลักสูตรพยาบาลศาสตร์บัณฑิต พ.ศ.2545^xประเมิน^xวิจัย
700 0  มณฑา อุดมเลิศ
710 1  วิทยาลัยพยาบาลบรมราชชนนี อุตรดิตถ์
945    ^p0^l0^i031726
995    ทศพร
999 ^a ทศพร
รายการนี้ยังไม่มีแท็ก
คุณยังไม่ได้ล็อกอิน คุณสามารถมีกิจกรรมร่วมกับเว็บไซต์ได้ แต่ต้องล็อกอินก่อน ::
  ล็อกอิน

รายการสื่อสารสนเทศ

ลำดับที่ ประเภท เลขเรียก/บาร์โค้ด สถานที่ สถานะ
1. งานวิจัย
งานวิจัย
วจ.WY18 ศ287ก ฉ.1 
  Barcode: 031726
ห้องสมุดวิทยาเขตสวรรค์ประชารักษ์
►วิจัย
บนชั้น

รายการใกล้เคียง
    ผู้แต่ง [ศศิธร ชิดนายี]

BibComment


ยังไม่เคยถูกคอมเมนท์

คอมเมนท์ทรัพยากรรายการนี้
  คอมเมนท์: การประเมินหลักสูต..


 Copyright 2026. Bcnsprnw @Library